Contrato, reglamento y tarifas de la municipalización de Pompas Fúnebres en Barcelona
Descripción Física:
31 p. ; 24,5 cm
MARC
| LEADER | 00000nam a2200000Ia 4500 | ||
|---|---|---|---|
| 001 | 17305 | ||
| 008 | 160829s1913 xx 000 0 cat d | ||
| 080 | |a 2383, exp. 22 | ||
| 110 | 1 | |a Barcelona (Catalunya). |b Servicio Municipal de Pompas Fúnebres |9 56275 | |
| 245 | |a Contrato, reglamento y tarifas de la municipalización de Pompas Fúnebres en Barcelona | ||
| 260 | |a Barcelona : |b Imprenta Barcelonesa, |c 1913 | ||
| 300 | |a 31 p. ; |c 24,5 cm | ||
| 650 | |a Barcelona. Servei Municipal de Pompes Fúnebres | ||
| 901 | |a Arxiu | ||
| 942 | |n 1 | ||
| 952 | |0 0 |1 0 |4 0 |6 2383_EXP_22 |7 1 |9 54385 |a Arxiu |b Arxiu |d 2016-12-01 |l 0 |o 2383, exp. 22 |p 17305 |r 2016-12-01 00:00:00 |w 2016-12-01 |y ARXIU | ||
| 999 | |c 58254 |d 58254 | ||